地名→地名推測 - Statistics

General Stats
  • This quiz has been taken 97 times
  • The average score is 6 of 7
Answer Stats
Hint Answer % Correct
北広島市は? 北海道
99%
西東京市は? 東京
99%
村山:山形では、東村山市は? 東京
98%
久留米:福岡県では、東久留米市は? 東京
93%
松山:愛媛県では、東松山市は? 埼玉
92%
松島:宮城県では、東松島市は? 宮城
85%
みよし:愛知県では、東みよし町は? 徳島
83%
No matching quizzes found
Score Distribution
Percent of People with Each Score
Percentile by Number Answered
Your Score History
You have not taken this quiz